| 000 | 00445nmm a2200157Ia 4500 | ||
|---|---|---|---|
| 008 | 251105s9999||||xx |||||||||||||||||und|| | ||
| 020 | _a9789580612445 | ||
| 041 | _aspa | ||
| 100 | _aVega Guzmán, Helen | ||
| 245 | 0 | _aCuentos de vida o muerte | |
| 264 |
_a[Bogotá, Colombia] : _bOveja Negra, _c2015 |
||
| 300 | _a63 páginas | ||
| 650 | _aLatin American narrative | ||
| 856 | _uhttps://public.digitaliapublishing.com/a/37775 | ||
| 942 | _cCF | ||
| 999 |
_c94904 _d94904 |
||